000 00370nam a2200157Ia 4500
003 OSt
005 20240207145517.0
008 170523s9999 xx 000 0 und d
020 _a978-93-5006-988-2
040 _cIIMTU
100 _aMITTAL- CHANCHAL
245 0 _aFOUNDATION OF INFORMATION TECHNOLOGY
260 _bPRAGATI PRAKASHAN
260 _c2002
942 _2ddc
_c02
999 _c963
_d963